00325 a2200097 4500001001000000005001700010008004100027245007600068100002300144773006000167ART_5554820260410161947.0260409a 10aDe la vulnerabilidad laboral a la vulnerabilidad en la seguridad social1 aCarnota, Walter F.0 tTemas de derecho laboralg- N° 4 (abr. 2022)wREV27619